Statistiken für Roger Federer Slam Titles

Klicken Sie hier um das Quiz zu spielen!

Allgemein

  • Dieses Quiz wurde 24 mal gespielt
  • Das Durchschnittsergebnis liegt bei 12 aus 22

Antwortstatistiken

JahrFederer’s Grand Slam victorys% Korrekt
2003W
100%
2000no
90%
2002no
90%
2001no
90%
2008USO
62%
2012W
57%
2010AO
52%
2018AO
52%
2020no
52%
2019no
52%
2021no
52%
2013no
48%
2014no
48%
2015no
48%
2016no
48%
2011no
48%
2005W USO
48%
2017AO W
43%
2009FO W
43%
2007AO W USO
38%
2006AO W USO
38%
2004AO W USO
38%

Verteilung der Resultate

Perzentil nach korrekt beantworteten Fragen

Anzahl Personen mit jedem Resultat

Ihre Resultats-Entwicklung

Sie haben dieses Quiz noch nicht gespielt